000 00844nam a22002417a 4500
999 _c9877
_d9877
003 AR-CdUCM
008 190328b ||||| |||| 00| 0 spa d
040 _aMUNICIPALIDAD PROVINCIAL DEL CUSCO
_cBIBLIOTECA MUNICIPAL DEL CUSCO
082 _aC / 282. 04
_bG25
100 _aGarcia, Mariano H.
_926388
245 _aConferencia dada al circulo de obreros católicos /
260 _aCuzco :
_bTipografía Americana,
_c1913.
300 _a166 páginas ;
_c20 cm.
500 _aCon dedicatoria al Presidente del Perú Guillermo Billingurhs
505 _aContenido: Conferencia a los Obreros católicos.
650 _aConferencia a los Obreros católico
_926389
650 _aSermones católicos
_926390
650 _aSermón
_926391
650 _a92 aniversario patrio
_926392
650 _aCusco
_9772
942 _2ddc
_cLIBROS
945 _adavv